000 00370nam a2200133Ia 4500
008 100328s9999 xx 000 0 und d
082 _b18003
100 _aवसु मनोज
245 _aसुन्दरी
260 _bहिंद पॅाकेट बुक्स
630 _aसुन्दरी
730 _aसुन्दरी
942 _cBOOK
999 _c512473
_d512470